Vector Mechanics For Engineers (Record no. 298710)

MARC details
000 -LEADER
fixed length control field 00447nam a2200169Ia 4500
008 - FIXED-LENGTH DATA ELEMENTS--GENERAL INFORMATION
fixed length control field 230718s9999 xx 000 0 und d
041 ## - LANGUAGE CODE
Language code of text/sound track or separate title eng
082 ## - DEWEY DECIMAL CLASSIFICATION NUMBER
Classification number 620.1
Item number BEE
100 ## - MAIN ENTRY--PERSONAL NAME
Personal name Beer F.P.
245 ## - TITLE STATEMENT
Title Vector Mechanics For Engineers
Remainder of title Statics
250 ## - EDITION STATEMENT
Edition statement 3rd ed.
260 ## - PUBLICATION, DISTRIBUTION, ETC. (IMPRINT)
Date of publication, distribution, etc. 1998
Name of publisher, distributor, etc. Tata Mc-graw Hill Pub.
300 ## - PHYSICAL DESCRIPTION
Extent 472
365 ## - TRADE PRICE
Currency code Rs.
Price amount 225.00
700 ## - ADDED ENTRY--PERSONAL NAME
Personal name Beer F.P. & Johnston E.R.
906 ## - LOCAL DATA ELEMENT F, LDF (RLIN)
d B:42909-Mar-1999
c ALLEDS
b 33.75
Holdings
Withdrawn status Lost status Damaged status Not for loan Home library Current library Date acquired Vendor Budget Code Cost, normal purchase price Bill number Total Checkouts Full call number Barcode Date last seen Discount Cost, replacement price Bill Date Koha item type Original Barcode
        Cummins College of Engineering for Women Pune Cummins College of Engineering for Women Pune 12/03/1999 Mbs ALLEDS 191.25 429   620.1 CCEP-BK-9916 18/07/2023 33.75 225.00 09/03/1999 Books 009916